Boldog az a nép, amely tud ünnepelni százéves a "Palócföld katedrálisa"

Bibliographic Details
Main Authors: Radványi, Zoltán (ain), Bartal, Károly Tamás, 1933- (Author, uin)
Format: Article
Language:Hungarian
PhysicalDescription:Fotogr.
Subjects:

MARC

LEADER 00000nab a2200000 a 4500
001 vtls000666002
003 SK-MaSNL
005 20260318114906.0
008 160405c1998 xo 0 hun
015 |a SNBRA1998/06-14854 
035 |a CLN000018187 
040 |a SNKBUCL  |b slo  |c SNKBUCL  |e AACR2 
041 0 |a hun 
044 |a xo  |c SK 
080 |a 904(437.6):726.54  |2 1997 
080 |a 726.54(437.6)  |2 1997 
100 1 |a Radványi, Zoltán  |4 ain  |9 364725 
245 1 0 |a Boldog az a nép, amely tud ünnepelni  |b százéves a "Palócföld katedrálisa"  |c Radványi Zoltán, Bartal Károly Tamás 
300 |b Fotogr. 
610 7 |a Plášťovce (Slovensko : kostol)  |2 snkbucl  |9 1617526 
650 0 7 |a kostoly  |z Slovensko  |2 snkbucl  |9 702780 
651 7 |a Levice (Slovensko : okres)  |2 snkbucl  |9 15245 
655 7 |a články z novín a časopisov  |2 snkbucl  |9 267496 
700 1 |a Bartal, Károly Tamás,  |d 1933-  |4 aut  |4 uin  |9 429270 
773 0 |t Remény  |g Roč. 9, č. 19 (1998), s. 4 
850 |a Slovenská národná knižnica v Martine 
852 |a SNK  |b KIS3GCP 
958 |a HU 
958 |a SK 
958 |a RBX 
999 |c 3332403  |d 3334333